• 首页
  • 本馆介绍
  • 公告通知
  • 最新文献
  • 馆藏检索
  • 电子资源
  • 读者导购
  • 参考咨询
  • 我的图书馆
  • 登录
  • 详细信息显示
  • 放入我的书架
  • 预约/预借图书
  • 作者相关作品
  • 分类相关作品
  • 丛书相关作品
  • 出版社相关作品

书目信息

  • 表格格式
  • 工作单格式
  • 卡片格式
书名: WORLD HISTORY
作者: David McComb.
分册号:
分册名: prehistory to 1500 /
出版地: GUILFORD :
 
出版社: DUSHKIN/MCGRAW-HILL COMPANY
出版时间: 1998.
页数: 245 p. ;
开本: 26cm.
丛书名:
中图分类号:
科图分类号:
其他分类号: K13
主题词:
电子资源:
000 00499nam 2200181 a 4500
001 E0753718281
005 20070517145813.96
008 070517s1998 00010 eng
020    @a0-697-39293-7.
040    @aPFT@beng
090    @aK13
099    @dK13@ex36:1=5
245    @aWORLD HISTORY.@nvolume 1,@pprehistory to 1500 / @cDavid McComb.
250    @a5th ed.
260    @aGUILFORD :@bDUSHKIN/MCGRAW-HILL COMPANY,@c1998.
300    @a245 p. ;@c26cm.
500    @aannual editions
700    @aMcComb,David
    
    WORLD HISTORY.. volume 1,. prehistory to 1500 / / David McComb.-5th ed.-GUILFORD : : DUSHKIN/MCGRAW-HILL COMPANY, , 1998.
    245 p. ; ; 26cm.
    annual editions
    
    ISBN 0-697-39293-7.
    
●
相关链接 在E读中查询图书 在五车中查询图书 在当当中查询图书 在豆瓣中查询图书


正题名:WORLD HISTORY     索取号:K13/x36:1=5         预约/预借

序号 登录号 条形码 馆藏地/架位号 状态 备注
1 10421   300104214   第二样本阅览室/ [索取号:K13/x36:1=5] 在馆    
2 10422   300104223   第四借阅区/ [索取号:K13/x36:1=5] 在馆    
3 10423   300104232   第四借阅区/ [索取号:K13/x36:1=5] 在馆    
唐山师范学院图书馆 欢迎您!
大连网信软件有限公司© 版权所有